Squares Sprint - Statistics

General Stats
  • This quiz has been taken 9 times
  • The average score is 17 of 30
Answer Stats
Hint Answer % Correct
1x1 1
100%
10x10 100
100%
11x11 121
100%
12x12 144
100%
4x4 16
100%
5x5 25
100%
6x6 36
100%
2x2 4
100%
7x7 49
100%
8x8 64
100%
9x9 81
100%
3x3 9
100%
13x13 169
88%
15x15 225
75%
14x14 196
63%
16x16 256
63%
20x20 400
50%
30x30 900
50%
17x17 289
38%
18x18 324
13%
21x21 441
13%
25x25 625
13%
19x19 361
0%
22x22 484
0%
23x23 529
0%
24x24 576
0%
26x26 676
0%
27x27 729
0%
28x28 784
0%
29x29 841
0%
No matching quizzes found
Score Distribution
Percent of People with Each Score
Percentile by Number Answered
Your Score History
You have not taken this quiz